[Event "Superettan(Schack 08-Kamraterna)"]
[Site "?"]
[Date "2014.11.23"]
[Round "3"]
[White "Andreasson, Ingvar"]
[Black "Andersson, Bo"]
[Result "1-0"]
[WhiteElo "2350"]
[BlackElo "2008"]
[PlyCount "61"]

1. Nf3 Nf6 2. c4 e6 3. Nc3 d5 4. d4 Nbd7 5. Bg5 Be7 6. e3 O-O 7. Qc2 h6 8. Bh4
c6 9. cxd5 exd5 10. Bd3 Re8 11. Bg3 Bb4 12. O-O Nh5 13. Bh4 Be7 14. Bxe7 Qxe7
15. Rae1 Ndf6 16. Ne5 c5 17. f4 g6 18. Qf2 c4 19. Be2 Ng7 20. Bf3 Qd8 21. g4
Ne4 22. Qg2 Nxc3 23. bxc3 Be6 24. f5 gxf5 25. gxf5 Bxf5 26. Bxd5 Kh7 27. Bxf7
Rxe5 28. dxe5 Bd3 29. Rf6 Qd7 30. e4 Rf8 31. Qg6+ 1-0

[Event "Superettan(Schack 08-Kamraterna)"]
[Site "?"]
[Date "2014.11.23"]
[Round "3"]
[White "Faldt, Magnus"]
[Black "Borvander, Tom"]
[Result "1/2-1/2"]
[WhiteElo "2194"]
[BlackElo "2189"]
[PlyCount "123"]

1. d4 Nf6 2. c4 g6 3. Nc3 Bg7 4. e4 d6 5. h3 O-O 6. Nf3 Na6 7. Bg5 Qe8 8. Be2
e5 9. d5 Nc5 10. Nd2 a5 11. g4 Qe7 12. h4 h6 13. Be3 Ne8 14. h5 g5 15. f3 c6
16. Kf2 Nc7 17. Nf1 Rd8 18. Ng3 Bf8 19. Qd2 Qf6 20. Kg2 Bd7 21. Rhc1 Ne8 22.
Rab1 Ng7 23. b3 Rdb8 24. Qd1 Qd8 25. Nf1 Ne8 26. Nd2 Nc7 27. Bf2 b5 28. dxc6
Bxc6 29. cxb5 Bxb5 30. Bxb5 Nxb5 31. Bxc5 Nxc3 32. Rxc3 dxc5 33. Nc4 a4 34. Rd3
Qf6 35. Qd2 axb3 36. Rbxb3 Rb4 37. Qc2 Qa6 38. Rbc3 Qxa2 39. Rd2 Qa6 40. Qd3
Be7 41. Ra3 Qb7 42. Rxa8+ Qxa8 43. Nxe5 Rd4 44. Qc2 Bd6 45. Rxd4 cxd4 46. Nd3
Qa1 47. e5 Bf8 48. Qe2 Qa6 49. Qe4 Qc4 50. Kg3 Be7 51. Qe2 Bf8 52. Kg2 Bg7 53.
Kf2 Bf8 54. Nb2 Qb3 55. Nd3 Qc4 56. Kg2 Bg7 57. Qe4 Bf8 58. Nf2 Be7 59. Qb7 Qe6
60. Qb8+ Kg7 61. Qc7 Kf8 62. Qb8+ 1/2-1/2

[Event "Superettan(Schack 08-Kamraterna)"]
[Site "?"]
[Date "2014.11.23"]
[Round "3"]
[White "Madebrink, Lars"]
[Black "Ottenklev, Niclas"]
[Result "1-0"]
[WhiteElo "2178"]
[BlackElo "2146"]
[PlyCount "101"]

1. d4 f5 2. c4 g6 3. Nc3 Nf6 4. g3 Bg7 5. Bg2 O-O 6. Nh3 d6 7. O-O c6 8. d5 Qe8
9. e4 fxe4 10. Ng5 Na6 11. Ngxe4 Nxe4 12. Nxe4 h6 13. Qe2 cxd5 14. cxd5 Bd7 15.
Nc3 Rc8 16. Bd2 Kh7 17. Rfe1 Qf7 18. Rac1 Rfe8 19. Be3 Nc5 20. Nb5 a6 21. Nd4
e5 22. dxe6 Nxe6 23. Nxe6 Bxe6 24. b3 d5 25. Bb6 Rxc1 26. Rxc1 Bh3 27. Qd2 Bxg2
28. Kxg2 Re7 29. Bd4 Rd7 30. Rc3 Bxd4 31. Qxd4 Qg7 32. Qxg7+ Kxg7 33. f4 h5 34.
Kf3 Kf6 35. h3 g5 36. Re3 gxf4 37. Kxf4 Rg7 38. Re8 Rd7 39. Re2 Rd6 40. Re5 Kg6
41. Ke3 a5 42. Kd4 a4 43. b4 a3 44. Re3 Rb6 45. Kc5 Ra6 46. Kxd5 Kf5 47. Re5+
Kf6 48. Rxh5 Ra8 49. g4 Rc8 50. Rf5+ Kg6 51. Rf3 1-0

[Event "Superettan(Schack 08-Kamraterna)"]
[Site "?"]
[Date "2014.11.23"]
[Round "3"]
[White "Arvidsson, Tomas"]
[Black "Eriksson, Magnus"]
[Result "1-0"]
[WhiteElo "1992"]
[BlackElo "2153"]
[PlyCount "121"]

1. e4 c5 2. Nc3 Nc6 3. g3 g6 4. Bg2 Bg7 5. d3 e6 6. Be3 Nd4 7. Qd2 Ne7 8. Nd1
e5 9. c3 Ne6 10. Bh6 Bf6 11. h4 d6 12. Ne2 Bd7 13. O-O Ng8 14. Be3 Ne7 15. d4
O-O 16. f3 Bb5 17. d5 Ng7 18. b3 Nh5 19. c4 Bd7 20. Kh2 Bg7 21. Bh3 f5 22. Rb1
fxe4 23. fxe4 Rxf1 24. Bxf1 Nf6 25. Nf2 Qc7 26. Nc3 h5 27. b4 cxb4 28. Rxb4 b6
29. a4 Kh7 30. Nb5 Bxb5 31. cxb5 Nd7 32. Rc4 Nc5 33. Nh3 Bf6 34. Bg5 Ng8 35.
Bxf6 Nxf6 36. Ng5+ Kg8 37. Bh3 Qe7 38. Be6+ Kg7 39. Kg1 Rf8 40. Qe2 Nh7 41. Qe3
Qf6 42. Bh3 Nxg5 43. hxg5 Qf3 44. Rc3 Qd1+ 45. Kh2 Qxa4 46. Ra3 Qxe4 47. Rxa7+
Kh8 48. Qxe4 Nxe4 49. g4 Nxg5 50. gxh5 Rf2+ 51. Kg3 Nxh3 52. Kxh3 Rd2 53. Kh4
gxh5 54. Kxh5 e4 55. Kg6 Rg2+ 56. Kf5 e3 57. Re7 e2 58. Re3 e1=Q 59. Rxe1 Rb2
60. Ke6 Rxb5 61. Kf7 1-0

[Event "Superettan(Vaxjo-Upsala)"]
[Site "?"]
[Date "2014.11.23"]
[Round "3"]
[White "Johansson, Jan"]
[Black "Aabling-Thomsen, Jakob"]
[Result "1-0"]
[WhiteElo "2370"]
[BlackElo "2321"]
[PlyCount "111"]

1. d4 Nf6 2. c4 g6 3. Nc3 d5 4. cxd5 Nxd5 5. Bd2 Bg7 6. e4 Nb6 7. Be3 O-O 8.
Be2 e5 9. dxe5 Bxe5 10. Qc2 Be6 11. Nf3 Bg7 12. O-O Nc4 13. Bc5 Re8 14. Rad1
Qc8 15. b3 Nd6 16. Nd4 Nd7 17. Ba3 Ne5 18. Nxe6 Rxe6 19. f4 Nc6 20. e5 Nf5 21.
Qe4 Re8 22. Rf3 Nxe5 23. fxe5 Rxe5 24. Qc4 Qe8 25. Rd2 c6 26. Bf1 a5 27. Nd1 b5
28. Qc2 Rd8 29. Rxd8 Qxd8 30. Bb2 Qb6+ 31. Qf2 Qxf2+ 32. Kxf2 Rd5 33. Bxg7 Kxg7
34. Rd3 Nd4 35. Ne3 Rd6 36. Be2 c5 37. Bf3 Ra6 38. Rc3 a4 39. Rxc5 axb3 40.
axb3 Ra2+ 41. Kg3 f5 42. Rd5 Nxb3 43. Rxb5 Nd4 44. Rb7+ Kh6 45. h4 Ra4 46. Nd5
Nxf3 47. gxf3 Ra6 48. Rf7 Ra1 49. Nf6 g5 50. h5 g4 51. Kf4 Ra4+ 52. Kxf5 Ra5+
53. Kxg4 Ra4+ 54. Kg3 Rb4 55. Rxh7+ Kg5 56. Ne4+ 1-0

[Event "Superettan(Vaxjo-Upsala)"]
[Site "?"]
[Date "2014.11.23"]
[Round "3"]
[White "Rydstrom, Tom"]
[Black "Glimbrant, Torbjorn"]
[Result "1-0"]
[WhiteElo "2225"]
[BlackElo "2254"]
[PlyCount "153"]

1. e4 e6 2. d4 d5 3. Nc3 Bb4 4. e5 Qd7 5. a3 Bf8 6. f4 b6 7. Nf3 a5 8. Be3 Ne7
9. Bd3 Ba6 10. O-O Nf5 11. Bf2 h5 12. Ne2 g6 13. Rc1 b5 14. c3 a4 15. h3 Nc6
16. g4 hxg4 17. hxg4 Nh6 18. Nh2 Na5 19. Ng3 Nc4 20. Qe2 Be7 21. Kg2 O-O-O 22.
Rh1 Kb8 23. Nhf1 Bb7 24. g5 Nf5 25. Rxh8 Rxh8 26. Nxf5 gxf5 27. Ne3 Qd8 28. Rh1
Rxh1 29. Kxh1 Qh8+ 30. Kg2 c5 31. Nd1 cxd4 32. Bxd4 Bd8 33. Qf3 Bb6 34. Qh3 Qd8
35. Kf1 Bxd4 36. cxd4 Qb6 37. Bxc4 dxc4 38. Qe3 Qc6 39. Ke1 Qg2 40. Qf2 Qe4+
41. Qe3 Qg2 42. Qf2 Qh1+ 43. Kd2 Qe4 44. Qe3 Qg2+ 45. Qf2 Qh1 46. Nc3 Qh3 47.
Qe3 Qg2+ 48. Qe2 Qg3 49. Qe3 Qh2+ 50. Kc1 Qh1+ 51. Kd2 Qg2+ 52. Qe2 Qc6 53. Qf2
Qb6 54. Na2 Be4 55. Qe3 Qc7 56. Qc3 Bb7 57. Qb4 Qc6 58. Qf8+ Bc8 59. Kc3 Qf3+
60. Kb4 Qb3+ 61. Kc5 c3 62. Kb6 Qd5 63. Nxc3 Qxd4+ 64. Kxb5 Kb7 65. Qb4 Qa7 66.
Qe7+ Kb8 67. Qxa7+ Kxa7 68. Nxa4 Bd7+ 69. Ka5 Bc6 70. b4 Bf3 71. Nc5 Be2 72. b5
Bf3 73. b6+ Kb8 74. Kb5 Kc8 75. a4 Bg4 76. a5 Bf3 77. a6 1-0

[Event "Superettan(Vaxjo-Upsala)"]
[Site "?"]
[Date "2014.11.23"]
[Round "3"]
[White "Lekander, Rolf"]
[Black "Malm Lindberg, Henrik"]
[Result "1/2-1/2"]
[WhiteElo "2240"]
[BlackElo "2240"]
[PlyCount "51"]

1. Nf3 c5 2. c4 Nf6 3. g3 b6 4. Bg2 Bb7 5. O-O e6 6. Nc3 Be7 7. Re1 a6 8. e4 d6
9. d4 cxd4 10. Nxd4 Qc7 11. Be3 Nbd7 12. Rc1 O-O 13. b3 Rfe8 14. f3 Bf8 15. Qd2
Rad8 16. Qf2 Qb8 17. Red1 d5 18. exd5 exd5 19. cxd5 Nxd5 20. Nxd5 Bxd5 21. Kh1
Qb7 22. Nf5 h5 23. Bd4 g6 24. Ne3 Bc6 25. Nc4 Nc5 26. b4 1/2-1/2

[Event "Superettan(Vaxjo-Upsala)"]
[Site "?"]
[Date "2014.11.23"]
[Round "3"]
[White "Burwick, Malte"]
[Black "Alle, Ambjorn"]
[Result "1/2-1/2"]
[WhiteElo "2228"]
[BlackElo "2223"]
[PlyCount "135"]

1. Nf3 d5 2. g3 g6 3. Bg2 Bg7 4. O-O e5 5. d3 Ne7 6. c4 dxc4 7. Qa4+ Bd7 8.
Qxc4 O-O 9. Nc3 h6 10. Bd2 Nbc6 11. Ne4 Be6 12. Qc1 Nf5 13. Re1 Kh7 14. b4 Nd6
15. Nc5 Bc8 16. Rb1 a6 17. a4 Re8 18. Bc3 Nd4 19. Qb2 N6f5 20. Nd2 c6 21. Nc4
f6 22. Red1 Nd6 23. e3 Ne6 24. Ne4 Nf7 25. f4 f5 26. Nc5 Nxc5 27. bxc5 Qe7 28.
fxe5 Nxe5 29. Bxe5 Bxe5 30. d4 Bc7 31. Re1 Rb8 32. Qc3 Qd8 33. Nb6 Be6 34. e4
fxe4 35. Rxe4 Bxb6 36. Rxb6 Bf5 37. Re3 Qd7 38. Rb2 Rxe3 39. Qxe3 Re8 40. Qf2
Re7 41. Rd2 Be4 42. Qf4 Bxg2 43. Kxg2 Qd5+ 44. Qf3 Re4 45. Rb2 Kg8 46. h4 h5
47. a5 Rxd4 48. Qxd5+ Rxd5 49. Rxb7 Rxc5 50. Rb6 Rxa5 51. Rxc6 Kg7 52. Kf3 Ra3+
53. Kf4 Ra4+ 54. Kf3 a5 55. Ra6 Ra1 56. Kf4 Rf1+ 57. Ke4 Rf5 58. Ra7+ Kh6 59.
Ke3 Rb5 60. Kf3 Rb3+ 61. Kg2 Rb5 62. Kf3 g5 63. Ra6+ Kg7 64. hxg5 Rxg5 65. Kf4
Rb5 66. g4 hxg4 67. Kxg4 Rb4+ 68. Kf5 1/2-1/2

[Event "Superettan(Vaxjo-Upsala)"]
[Site "?"]
[Date "2014.11.23"]
[Round "3"]
[White "Olofsson-Dolk, Mattis"]
[Black "Thorgeirsson, Sverrir"]
[Result "1/2-1/2"]
[WhiteElo "2222"]
[BlackElo "2237"]
[PlyCount "76"]

1. e4 e5 2. Nf3 Nc6 3. Bb5 a6 4. Ba4 Nf6 5. O-O Be7 6. Bxc6 dxc6 7. d3 Bd6 8.
Nbd2 Be6 9. b3 Nd7 10. Bb2 O-O 11. d4 f6 12. Qe2 Qe7 13. Nc4 Bg4 14. Ne3 Bxf3
15. Qxf3 exd4 16. Nf5 Qe5 17. g3 Nc5 18. Rfe1 Ne6 19. Qg4 g6 20. Rad1 Rae8 21.
Nxd4 Nxd4 22. Bxd4 Qa5 23. Qe2 b5 24. a4 Rf7 25. axb5 cxb5 26. Ra1 Qb4 27. Qd3
Be5 28. c3 Qd6 29. b4 Rd7 30. Red1 Bxd4 31. cxd4 Qxb4 32. Rxa6 c5 33. Rb1 Qxd4
34. Qxb5 Rde7 35. Ra4 Qd6 36. Rc1 Rxe4 37. Rxe4 Rxe4 38. Qxc5 Qxc5 1/2-1/2

[Event "Superettan(Vaxjo-Upsala)"]
[Site "?"]
[Date "2014.11.23"]
[Round "3"]
[White "Johansson, Thomas"]
[Black "Gutzmann, Tobias"]
[Result "1-0"]
[WhiteElo "2201"]
[BlackElo "2123"]
[PlyCount "77"]

1. d4 e6 2. c4 f5 3. Nf3 Nf6 4. g3 d5 5. Bg2 c6 6. O-O Bd6 7. b3 Qe7 8. Bb2 O-O
9. Qc1 Bd7 10. Ba3 Bxa3 11. Nxa3 Be8 12. Qb2 Nbd7 13. Nc2 Bh5 14. Nce1 Bxf3 15.
Nxf3 Ne4 16. e3 g5 17. Rac1 f4 18. Ne1 fxg3 19. hxg3 Nef6 20. Nd3 Qg7 21. Qe2
Rae8 22. e4 dxe4 23. Bxe4 h5 24. Bf3 g4 25. Bg2 Nh7 26. Rcd1 Ng5 27. Qe3 Nf3+
28. Bxf3 Rxf3 29. Qe4 h4 30. Kg2 Nf6 31. Qe5 hxg3 32. fxg3 Qh7 33. Rxf3 gxf3+
34. Kxf3 Qg6 35. Kg2 Ng4 36. Qe2 Qg5 37. Re1 Qh5 38. Rh1 Ne3+ 39. Qxe3 1-0

[Event "Superettan(Vaxjo-Upsala)"]
[Site "?"]
[Date "2014.11.23"]
[Round "3"]
[White "Moren, Bjorn"]
[Black "Marttala, Thomas"]
[Result "1-0"]
[WhiteElo "2090"]
[BlackElo "2161"]
[PlyCount "51"]

1. e4 c5 2. Nc3 Nc6 3. g3 g6 4. Bg2 Bg7 5. d3 d6 6. f4 Rb8 7. a4 a6 8. Nf3 b5
9. axb5 axb5 10. O-O b4 11. Nd5 e6 12. Ne3 Nge7 13. Nc4 d5 14. Nce5 Nxe5 15.
Nxe5 Bb7 16. exd5 Nxd5 17. c4 bxc3 18. Qa4+ Kf8 19. Qa7 Kg8 20. bxc3 Qc8 21.
Ba3 Nxc3 22. Bxc5 Nb5 23. Bxb7 Rxb7 24. Qa8 Rb8 25. Nc6 Bd4+ 26. Bxd4 1-0

[Event "Superettan(Rockaden,SthlmII-Limhamn II)"]
[Site "?"]
[Date "2014.11.23"]
[Round "3"]
[White "Mansson, Lars"]
[Black "Kenneskog, Theodor"]
[Result "0-1"]
[WhiteElo "2215"]
[BlackElo "2289"]
[PlyCount "80"]

1. e4 c5 2. Nf3 d6 3. Bb5+ Nd7 4. d4 cxd4 5. Qxd4 a6 6. Bxd7+ Bxd7 7. O-O Rc8
8. Nc3 e5 9. Qd3 h6 10. Be3 Nf6 11. h3 Be7 12. a4 Be6 13. Rfd1 Qc7 14. a5 O-O
15. Nd2 Qc6 16. Nf1 Bc4 17. Qd2 Nxe4 18. Nxe4 Qxe4 19. Ng3 Qg6 20. Kh2 h5 21.
Rac1 h4 22. Ne2 d5 23. b3 Bxe2 24. Qxe2 Ba3 25. Rxd5 Bxc1 26. Bxc1 Qxc2 27. Bd2
Rfd8 28. Qxe5 Rxd5 29. Qxd5 Qc7+ 30. Kg1 Rd8 31. Qg5 f6 32. Qe3 Qe5 33. Qxe5
fxe5 34. Bg5 Rd1+ 35. Kh2 Rd4 36. Kg1 Rb4 37. Kf1 Rxb3 38. Bd8 Kf7 39. Ke2 Ke8
40. Bc7 Rb5 0-1

[Event "Superettan(Rockaden,SthlmII-Limhamn II)"]
[Site "?"]
[Date "2014.11.23"]
[Round "3"]
[White "Olund, Joar"]
[Black "Holst, Conny"]
[Result "1-0"]
[WhiteElo "2300"]
[BlackElo "2191"]
[PlyCount "83"]

1. d4 Nf6 2. c4 c5 3. d5 e5 4. Nc3 d6 5. e4 Be7 6. Be2 O-O 7. g4 Ne8 8. Qd3 Bg5
9. h4 Bxc1 10. Rxc1 Na6 11. a3 Bd7 12. Qg3 Nac7 13. g5 a6 14. b4 cxb4 15. axb4
a5 16. b5 f5 17. exf5 Bxf5 18. Nf3 Rc8 19. Nd2 Na8 20. O-O Nb6 21. f4 Nd7 22.
Nb3 g6 23. Na4 Ng7 24. fxe5 Nxe5 25. Nd4 Qe7 26. h5 gxh5 27. Rce1 Bg4 28. Rxf8+
Rxf8 29. Bxg4 hxg4 30. c5 Qxg5 31. cxd6 Nf3+ 32. Nxf3 Rxf3 33. Qe5 Qh4 34. Re2
g3 35. Rc2 Qh3 36. Qe1 Qg4 37. Nc5 Qd4+ 38. Kg2 Re3 39. Qd2 Qf4 40. d7 Qf3+ 41.
Kg1 g2 42. d8=Q+ 1-0

[Event "Superettan(Rockaden,SthlmII-Limhamn II)"]
[Site "?"]
[Date "2014.11.23"]
[Round "3"]
[White "Tadjerbashi, Amir"]
[Black "Berovski, Krum"]
[Result "1/2-1/2"]
[WhiteElo "2199"]
[BlackElo "2314"]
[PlyCount "36"]

1. e4 e6 2. d4 d5 3. Nd2 c5 4. exd5 exd5 5. Ngf3 a6 6. dxc5 Bxc5 7. Nb3 Ba7 8.
Bg5 Nf6 9. Qe2+ Be6 10. Nfd4 Bxd4 11. Nxd4 Qa5+ 12. Qd2 Qxd2+ 13. Bxd2 O-O 14.
Be2 Nc6 15. Be3 Rfe8 16. O-O Nxd4 17. Bxd4 Bf5 18. Bf3 Bxc2 1/2-1/2

[Event "Superettan(Rockaden,SthlmII-Limhamn II)"]
[Site "?"]
[Date "2014.11.23"]
[Round "3"]
[White "Sandbom, Jonas"]
[Black "Nylen, Anders"]
[Result "1/2-1/2"]
[WhiteElo "2115"]
[BlackElo "2096"]
[PlyCount "171"]

1. e4 c5 2. Nf3 d6 3. Bb5+ Bd7 4. Bxd7+ Qxd7 5. O-O Nc6 6. c3 Nf6 7. Re1 e6 8.
d4 d5 9. exd5 Qxd5 10. Qa4 Qd7 11. dxc5 Bxc5 12. Rd1 Qc7 13. b4 Be7 14. b5 Qa5
15. Qb3 Nb8 16. Bf4 Nbd7 17. c4 Rc8 18. Nbd2 O-O 19. Ne5 Rfd8 20. Ndf3 Nc5 21.
Qc2 Nfe4 22. Bd2 Nxd2 23. Rxd2 Rxd2 24. Qxd2 Qxd2 25. Nxd2 Rd8 26. Nef3 Bf6 27.
Rb1 Rd3 28. Nb3 Nxb3 29. axb3 Kf8 30. Kf1 Rc3 31. Ne1 Bg5 32. Ke2 a6 33. bxa6
bxa6 34. Rb2 Ke7 35. Nd3 Bf6 36. Ra2 Rxb3 37. Rxa6 Bd4 38. c5 Rc3 39. Kd2 Rc4
40. Ra7+ Ke8 41. Ra8+ Ke7 42. Ra7+ Kf6 43. f3 e5 44. Ra6+ Ke7 45. Ra7+ Kf6 46.
Ra6+ Kf5 47. Ra7 Kg6 48. Ra2 Kf5 49. Ra7 Kg6 50. Ra2 f5 51. Ra6+ Kg5 52. Re6
Bc3+ 53. Ke3 f4+ 54. Ke2 Kf5 55. Re7 Kf6 56. Re8 Bd4 57. Rc8 Ke6 58. Rc6+ Kd7
59. Rd6+ Ke7 60. Rd5 Ke6 61. Rd6+ Ke7 62. Rd5 Kf6 63. Rd6+ Kf5 64. g4+ fxg3 65.
hxg3 h5 66. Rd5 Ke6 67. Rd6+ Ke7 68. Rg6 Kf7 69. Rg5 Kf6 70. Rxh5 g6 71. Rh8
Rc2+ 72. Kd1 Rc3 73. Kd2 Ke6 74. Nxe5 Bxe5 75. Re8+ Kf6 76. Rxe5 Rxf3 77. Re3
Rf5 78. Rc3 Ke7 79. c6 Kd8 80. c7+ Kc8 81. Ke3 g5 82. Rc4 Rf7 83. Rc5 g4 84.
Rc3 Rf1 85. Ke4 Rf2 86. Ke3 1/2-1/2

[Event "Superettan(Rockaden,SthlmII-Limhamn II)"]
[Site "?"]
[Date "2014.11.23"]
[Round "3"]
[White "Mansson, Peter"]
[Black "Bryntze, Stefan"]
[Result "1-0"]
[WhiteElo "2140"]
[BlackElo "2192"]
[PlyCount "63"]

1. e4 e5 2. d4 exd4 3. Qxd4 Nc6 4. Qe3 Nf6 5. Nc3 Bb4 6. Bd2 O-O 7. O-O-O Re8
8. Qg3 d6 9. f3 Be6 10. Nge2 Ne5 11. Bg5 Ng6 12. f4 Bc4 13. e5 Bxe2 14. Bxf6
gxf6 15. Nxe2 Qd7 16. h4 Kh8 17. exf6 Qe6 18. h5 Qxa2 19. c3 Bc5 20. hxg6 Be3+
21. Kc2 Qa4+ 22. b3 Qe4+ 23. Kb2 fxg6 24. Qh4 g5 25. Qh6 Rg8 26. Ng3 Qg6 27.
Qxg6 Rxg6 28. Bd3 Rxf6 29. Rxh7+ Kg8 30. Rdh1 Raf8 31. Bc4+ R8f7 32. Rxf7 1-0

[Event "Superettan(Rockaden,SthlmII-Limhamn II)"]
[Site "?"]
[Date "2014.11.23"]
[Round "3"]
[White "Tuomainen, Felix"]
[Black "Nurmi, Tommy"]
[Result "1/2-1/2"]
[WhiteElo "1947"]
[BlackElo "2061"]
[PlyCount "95"]

1. d4 d5 2. Nf3 e6 3. c4 f5 4. g3 Nf6 5. Bg2 c6 6. O-O Bd6 7. b3 O-O 8. Ba3
Bxa3 9. Nxa3 Bd7 10. Nb1 Be8 11. Nbd2 Bh5 12. Ne5 Nbd7 13. Ndf3 Bxf3 14. Nxf3
Qe7 15. Qc2 g6 16. Rac1 Rad8 17. a3 Kg7 18. b4 dxc4 19. Qxc4 e5 20. dxe5 Nxe5
21. Nxe5 Qxe5 22. b5 cxb5 23. Qc7+ Qxc7 24. Rxc7+ Rf7 25. Rxb7 Rxb7 26. Bxb7
Rb8 27. Bf3 a5 28. Rb1 b4 29. axb4 axb4 30. Kf1 Kf7 31. Ke1 Ke6 32. Kd2 g5 33.
Kd3 Nd7 34. Kd4 Ne5 35. Bd5+ Kf6 36. h3 Ng6 37. Kc5 Rc8+ 38. Kd4 Rb8 39. Bb3 f4
40. Ra1 Rd8+ 41. Kc5 Re8 42. Ra6+ Kg7 43. Ra2 fxg3 44. fxg3 Re3 45. Kxb4 Rxg3
46. Ra7+ Kf6 47. Rxh7 Nf4 48. Bc4 1/2-1/2

[Event "Superettan(Rockaden,SthlmII-Limhamn II)"]
[Site "?"]
[Date "2014.11.23"]
[Round "3"]
[White "Karlsson, Ulf"]
[Black "Nikolic, Vladan"]
[Result "0-1"]
[WhiteElo "2013"]
[BlackElo "2027"]
[PlyCount "190"]

1. e4 e6 2. d3 d5 3. Nd2 Nf6 4. g3 Nc6 5. Bg2 dxe4 6. dxe4 e5 7. Ngf3 Bd6 8.
O-O O-O 9. c3 a5 10. Qc2 b6 11. Rd1 Ba6 12. Nf1 Qe8 13. Ne3 Ne7 14. b3 a4 15.
b4 Rd8 16. Nh4 Bc8 17. Nc4 Be6 18. Nxd6 Rxd6 19. Bg5 Qc6 20. Bxf6 gxf6 21. Nf5
Bxf5 22. exf5 Qc4 23. Bf1 Qc6 24. Rxd6 cxd6 25. c4 d5 26. c5 bxc5 27. bxc5 Rb8
28. Rc1 a3 29. Qc3 Nxf5 30. Qxa3 Ra8 31. Qb2 Nd4 32. Bg2 Ra5 33. h4 Rxc5 34.
Rxc5 Qxc5 35. h5 Kg7 36. Qd2 h6 37. a4 e4 38. Qd1 Ne6 39. Qg4+ Ng5 40. Qf5 e3
41. fxe3 Qxe3+ 42. Qf2 Qc3 43. Kh2 d4 44. a5 d3 45. a6 d2 46. Qe2 Qc1 47. a7
d1=Q 48. Qxd1 Qxd1 49. a8=Q Qxh5+ 50. Kg1 Qe2 51. Qc6 Qe1+ 52. Kh2 Qf2 53. Qc3
Ne6 54. Qc4 Nd4 55. Kh3 h5 56. Qd5 Nf5 57. Qf3 Qxf3 58. Bxf3 Kh6 59. Bd5 Kg6
60. Be4 Kg5 61. Bd5 Nh6 62. Bb3 f5 63. Bc4 f6 64. Bd3 Ng4 65. Be2 Ne5 66. Bd1
Ng6 67. Bc2 f4 68. gxf4+ Nxf4+ 69. Kg3 Ne6 70. Bb3 Nd4 71. Ba4 f5 72. Bd7 h4+
73. Kg2 Kg4 74. Bc8 Nc2 75. Kh2 Ne3 76. Bd7 Nd5 77. Bc8 Nf6 78. Be6 Ne4 79. Bc8
Ng5 80. Bd7 Kf4 81. Bc6 Ke3 82. Bd7 f4 83. Bb5 Kf2 84. Ba6 f3 85. Bb5 Ke1 86.
Ba6 f2 87. Kg2 h3+ 88. Kh2 f1=Q 89. Bxf1 Kxf1 90. Kh1 Kf2 91. Kh2 Kf3 92. Kg1
Kg3 93. Kh1 Ne4 94. Kg1 h2+ 95. Kh1 Nf2# 0-1

[Event "Superettan(Rockaden,SthlmII-Limhamn II)"]
[Site "?"]
[Date "2014.11.23"]
[Round "3"]
[White "Heden, Gustav"]
[Black "Ollen, Martin"]
[Result "0-1"]
[WhiteElo "2060"]
[BlackElo "1927"]
[PlyCount "104"]
[EventDate "2014.??.??"]

1. c4 Nf6 2. Nc3 g6 3. g3 Bg7 4. Bg2 O-O 5. e3 Nc6 6. d4 d6 7. Nge2 e5 8. O-O
Bg4 9. Rb1 Qc8 10. Re1 a5 11. a3 Re8 12. d5 Ne7 13. e4 Bh3 14. b4 Bxg2 15. Kxg2
axb4 16. axb4 Nh5 17. c5 f5 18. Bg5 f4 19. f3 h6 20. Bxe7 Rxe7 21. Nb5 Qd7 22.
Qd3 fxg3 23. hxg3 Rf7 24. Ra1 Raf8 25. Rf1 g5 26. Ra7 g4 27. Ng1 gxf3+ 28. Rxf3
Rxf3 29. Nxf3 Qg4 30. Nh2 Nf4+ 31. Kh1 Qh3 32. Qd2 Nh5 33. Qg2 Rf1+ 34. Qxf1
Nxg3+ 35. Kg1 Nxf1 36. Nxf1 Qg4+ 37. Kf2 Bf6 38. Ra3 dxc5 39. bxc5 Bh4+ 40. Ng3
Qxe4 41. d6 cxd6 42. Nxd6 Qb4 43. Ra8+ Kh7 44. Ndf5 Bxg3+ 45. Nxg3 Qxc5+ 46.
Kf3 Qc3+ 47. Kf2 Qd4+ 48. Kg2 b5 49. Rf8 Qd5+ 50. Kh3 e4 51. Kg4 e3 52. Nf5 e2
0-1

[Event "Superettan(Burgsvik-Rockaden,Umea)"]
[Site "?"]
[Date "2014.11.23"]
[Round "3"]
[White "Wickstrom, Lucas"]
[Black "Andersson, Tommy"]
[Result "0-1"]
[WhiteElo "2340"]
[BlackElo "2346"]
[PlyCount "106"]

1. d4 d5 2. c4 e6 3. Nc3 c6 4. Nf3 dxc4 5. a4 Bb4 6. e4 b5 7. Be2 Nf6 8. Qc2 a6
9. O-O Bb7 10. Bg5 h6 11. Bd2 Be7 12. e5 Nd5 13. Ne4 Nd7 14. b3 cxb3 15. Qxb3
b4 16. Rfc1 a5 17. Be3 Ba6 18. Bxa6 Rxa6 19. Nfd2 O-O 20. Qd3 Qa8 21. Nc4 Rd8
22. Bd2 c5 23. Qg3 Kf8 24. dxc5 Nxc5 25. Ned6 Bxd6 26. Nxd6 Raxd6 27. exd6 Ne4
28. Qd3 Nxd2 29. Qxd2 Rxd6 30. Rc5 Qd8 31. Rd1 Rd7 32. Qc2 Ke7 33. Rc8 Qb6 34.
Rc6 Rc7 35. Rxc7+ Qxc7 36. Qd3 Qc3 37. Qb5 Qc2 38. Re1 Kf6 39. Qxa5 b3 40. Qd8+
Kg6 41. a5 b2 42. Qb8 Nc3 43. a6 Nd1 44. Qg3+ Kh7 45. a7 b1=Q 46. a8=Q Qd2 47.
Rf1 Qe2 48. Qab8 Qxf1+ 49. Kxf1 Nb2+ 50. Ke2 Qd1+ 51. Ke3 Nc4+ 52. Kf4 g5+ 53.
Qxg5 Qd4+ 0-1

[Event "Superettan(Burgsvik-Rockaden,Umea)"]
[Site "?"]
[Date "2014.11.23"]
[Round "3"]
[White "Fries Nielsen, Jens Ove"]
[Black "Malmstig, Erik"]
[Result "1-0"]
[WhiteElo "2424"]
[BlackElo "2257"]
[PlyCount "103"]
[EventDate "2014.??.??"]

1. e4 e5 2. Nf3 Nc6 3. Be2 Nf6 4. d3 d5 5. Nbd2 Bc5 6. O-O dxe4 7. dxe4 a6 8.
c3 O-O 9. Qc2 Bg4 10. Nc4 Re8 11. Bg5 h6 12. Bh4 Re6 13. Rad1 Qe7 14. Rd5 g5
15. Bg3 Bh5 16. Nfxe5 Nxe5 17. Rxe5 Bg6 18. Bd3 b5 19. Rxe6 Qxe6 20. Nd2 Bb6
21. e5 Bxd3 22. Qxd3 Nd5 23. Ne4 Rd8 24. h4 Qg6 25. h5 Qg7 26. Rd1 c6 27. c4 f5
28. exf6 Nxf6 29. Qxd8+ Bxd8 30. Rxd8+ Kf7 31. Be5 Qh7 32. Nxf6 Qb1+ 33. Kh2
Qf5 34. Bd4 bxc4 35. g3 a5 36. Rd7+ Ke6 37. Rc7 Qf3 38. Rc8 Kd6 39. Rf8 Qd1 40.
Rd8+ Ke7 41. Rd7+ Ke6 42. Bc3 Qf1 43. Rd2 Kf5 44. Nd7 a4 45. a3 Kg4 46. Ne5+
Kxh5 47. f3 g4 48. fxg4+ Kg5 49. Bd4 c3 50. bxc3 h5 51. Be3+ Kf6 52. Rf2+ 1-0

[Event "Superettan(Burgsvik-Rockaden,Umea)"]
[Site "?"]
[Date "2014.11.23"]
[Round "3"]
[White "Forsberg, Viktor"]
[Black "Zadruzny, Nicolaj"]
[Result "1/2-1/2"]
[WhiteElo "2330"]
[BlackElo "2238"]
[PlyCount "73"]

1. e4 c5 2. Nf3 d6 3. d4 cxd4 4. Nxd4 Nf6 5. Nc3 g6 6. g3 Nc6 7. Nde2 Bg7 8.
Bg2 O-O 9. O-O Rb8 10. a4 a6 11. h3 b5 12. axb5 axb5 13. Nd5 e6 14. Nxf6+ Bxf6
15. Ra2 Qc7 16. Bh6 Rd8 17. Qd2 Bb7 18. Rd1 Ne5 19. b3 Ra8 20. Rxa8 Bxa8 21.
Nd4 Bc6 22. Kh2 Qb7 23. f4 Bxe4 24. fxe5 dxe5 25. Qf2 Be7 26. Rf1 f5 27. Bxe4
Qxe4 28. Nxb5 g5 29. Qg2 Qe3 30. Rf3 Qe1 31. Rd3 Rxd3 32. cxd3 Qa5 33. Qc6 Qd2+
34. Kh1 Qe1+ 35. Kh2 Qd2+ 36. Kh1 Qe1+ 37. Kh2 1/2-1/2

[Event "Superettan(Burgsvik-Rockaden,Umea)"]
[Site "?"]
[Date "2014.11.23"]
[Round "3"]
[White "Fries Nielsen, Niels J"]
[Black "Eriksson, Jorgen"]
[Result "1-0"]
[WhiteElo "2327"]
[BlackElo "2226"]
[PlyCount "131"]

1. g3 g6 2. Bg2 Bg7 3. Nf3 c5 4. O-O Nc6 5. c3 d5 6. d4 cxd4 7. cxd4 Nf6 8. Nc3
O-O 9. Ne5 Nxe5 10. dxe5 Ng4 11. Qxd5 Nxe5 12. Bf4 e6 13. Qxd8 Rxd8 14. Rad1
Bd7 15. Bg5 f6 16. Bf4 Bc6 17. Bxe5 Bxg2 18. Kxg2 fxe5 19. e3 Kf7 20. Ne4 Ke7
21. Rxd8 Rxd8 22. Rc1 b6 23. h4 h6 24. b3 Rd7 25. Rc8 Rd8 26. Rc7+ Rd7 27. Rc6
Rd5 28. Kf3 Kd7 29. Rc2 Ke7 30. g4 Rd7 31. a4 Bf6 32. g5 hxg5 33. hxg5 Bg7 34.
b4 Rd5 35. b5 Rd7 36. Rc8 Kf7 37. Ke2 Ke7 38. Nd2 Kf7 39. Nc4 Ke7 40. Kf3 Kf7
41. Ke4 Ke7 42. Rg8 Kf7 43. Rb8 Rc7 44. Rc8 Rd7 45. f3 Ke7 46. Nxe5 Bxe5 47.
Kxe5 Rd5+ 48. Kf4 Kd6 49. Rg8 Rc5 50. Rxg6 Rc4+ 51. Kg3 Rxa4 52. f4 Ke7 53.
Rg7+ Kf8 54. Rb7 Rb4 55. Rxa7 Rxb5 56. Rb7 Rb3 57. Kf3 Rb4 58. e4 Ke8 59. g6
Rb1 60. Kg4 Rg1+ 61. Kh5 Kf8 62. Kh6 b5 63. g7+ Kg8 64. Rb8+ Kf7 65. Rf8+ Ke7
66. g8=Q 1-0

[Event "Superettan(Burgsvik-Rockaden,Umea)"]
[Site "?"]
[Date "2014.11.23"]
[Round "3"]
[White "Lindgren, Fredrik"]
[Black "Linusson, Pelle"]
[Result "1-0"]
[WhiteElo "2233"]
[BlackElo "2209"]
[PlyCount "65"]

1. d4 Nf6 2. Nf3 g6 3. c4 Bg7 4. Nc3 d5 5. g3 c6 6. Qb3 dxc4 7. Qxc4 b5 8. Qd3
b4 9. Nd1 Qb6 10. Ne3 O-O 11. Bg2 Rd8 12. O-O Be6 13. Rd1 Na6 14. Ng5 Bd5 15.
Nxd5 cxd5 16. Bf4 Rac8 17. Rac1 Qb7 18. Bh3 Rxc1 19. Rxc1 h6 20. Nf3 g5 21. Be5
Nd7 22. Bxg7 Kxg7 23. Bxd7 Rxd7 24. Ne5 Rd6 25. Qf5 e6 26. Qh3 Rd8 27. Qh5 Qe7
28. Ng4 Rh8 29. Rc8 Rh7 30. Ne5 Nc7 31. Rd8 Ne8 32. Rd7 Nf6 33. Qxf7+ 1-0